The endless quest : (Record no. 13957)

000 -LEADER
fixed length control field 00455pam a2200157 a 4500
020 ## - INTERNATIONAL STANDARD BOOK NUMBER
ISBN 0813317681 (acidfree paper)
040 ## - CATALOGING SOURCE
Transcribing agency DLC
082 00 - DEWEY DECIMAL CLASSIFICATION NUMBER
Classification number 331 WES 1994 A064 Or.
100 1# - MAIN ENTRY--AUTHOR NAME
Personal name Martin, Philip L.,
245 14 - TITLE STATEMENT
Title The endless quest :
Remainder of title helping America's farm workers /
260 ## - PUBLICATION, DISTRIBUTION, ETC. (IMPRINT)
Place of publication Boulder :
Name of publisher Westview Press,
Year of publication 1994.
300 ## - PHYSICAL DESCRIPTION
Number of Pages x, 258 p. :
Other physical details ill. ;
Dimensions 23 cm.
650 #0 - SUBJECT ADDED ENTRY--TOPICAL TERM
Topical Term Migrant agricultural laborers
700 1# - ADDED ENTRY--PERSONAL NAME
Personal name Martin, David A.,
942 ## - ADDED ENTRY ELEMENTS (KOHA)
Koha item type សៀវភៅភាសាអង់គ្លេស
952 ## - LOCATION AND ITEM INFORMATION (KOHA)
Withdrawn status [LOCAL, KOHA] 0
Holdings
Permanent Location Date acquired Koha item type Lost status Shelving location Barcode Current Location Full call number
Library Block A2017-10-03សៀវភៅភាសាអង់គ្លេស A064A13763Library Block A331 WES 1994 A064 Or.
មជ្ឈមណ្ឌលឯការនៃសាកលវិទ្យាល័យភូមិន្ទកសិកម្មចំការដូង

Powered by Koha